000 00713cab a2200229 4500
001 X3018
008 090401t1995 xxu||||| |||| 00| 0 eng d
035 _a(Sirsi) u27987
041 _aeng
100 _aWaterhouse, R.
245 _aAssessing competence
260 _c1995
350 _a0
490 _aCSM (Chartered Surveyor Monthly)
_v5(2) October 1995, 24-25(2)
520 _aConsiders alternatives to a written exam in order to assess competence and performance including NVQs.
650 _aNATIONAL VOCATIONAL QUALIFICATIONS
650 _aQUALIFICATIONS
690 _aECONOMIC AND SOCIAL
690 _aMANAGEMENT-BUSINESS MANAGEMENT-PROFESSIONAL PRACTICE
942 _n0
948 _c04/03/1997
999 _c18874
_d18874